Američania sa priťahujú U.S. Steel prilákal ďalšieho investora

Bibliographic Details
Main Author: (ič) (Author)
Corporate Author: U.S.Steel (Košice, Slovensko) (Author)
Format: Article
Language:Slovak
Subjects:

MARC

LEADER 00000nab a2200000 a 4500
001 vtls000927772
003 SK-MaSNL
005 20260303033432.0
008 040720e20010516xo 0 slo
035 |a KE36649 
040 |a KEVKJB  |b slo  |c KEVKJB  |e AACR2 
041 0 |a slo 
044 |a xo  |c SK 
080 |a 669.1  |2 1981 
100 0 |a (ič)  |4 aut  |9 664442 
245 1 0 |a Američania sa priťahujú  |b U.S. Steel prilákal ďalšieho investora 
610 2 7 |a U. S. Steel (Košice, Slovensko)  |2 KEVKJB  |9 656260 
650 0 7 |a zahraniční investori   |2 KEVKJB  |9 72756 
650 0 7 |a zahraniční investori   |2 KEVKJB  |9 72756 
650 0 7 |a zahraniční investori   |2 KEVKJB  |9 72756 
650 0 7 |a príležitosti pracovné nové  |2 KEVKJB  |9 1017189 
651 7 |a Košice (Slovensko)  |2 KEVKJB  |9 18694 
651 7 |a KE,  |2 KEVKJB  |9 877256 
655 7 |a periodikum  |2 snkbucl  |9 29553 
710 2 |a U.S.Steel (Košice, Slovensko)  |4 aut  |9 877338 
773 0 8 |t Pravda  |g Roč. 11, č.111, 16.5.2001, s. 17 
852 |a ZVYKNI  |b KIS3GCP 
999 |c 1670000  |d 1671930